LEADER 00645nam a2200181 i 4500 001 000000129146 003 CaOOAMICUS 005 20041016000000.0 008 041016n it u000 u ita u 013 $a101879 040 $aSeMil$bita 100 1 $aBorgonovo, Giustino,$c.$0(OLS)http://semarc/name/5872 245 10$aVolume primo. 300 $a349 p. 773 0 $aBorgonovo, Giustino $tManna liturgica ossia.$dMilano : Daverio, 1922.$w()12291 850 $aSeMil 852 $aSeMil$W1$xVenegono$y1$m106 71 1 *$j83276$B83276$CSeMilBibl$Z2$F87730 $81 996 $6245$aVolume primo$9(OLS)http://semarc/title/17661 LEADER 01024nam a2200229 i 4500 001 000000132430 003 CaOOAMICUS 005 20041209000000.0 008 041209s1966 it u000 u ita u 013 $a105388 040 $aSeMil$bita 100 1 $aDe Rosa, Giuseppe,$c.$0(OLS)http://semarc/name/10470 245 10$aCattolici e comunisti oggi in Italia :$bVia italiana al socialismo e dialogo con i cattolici /$cGiuseppe De Rosa S. I. 260 $aRoma :$bLa Civiltà Cattolica,$c1966. 300 $a267 p. ;$c21 cm. 500 $aContiene : Appendice. 650 4$aCattolicesimo e comunismo - Italia.$0(OLS)http://semarc/subject/17261 850 $aSeMil 852 $aSeMil$W1$xVenegono$y1$m120 43 *$j86344$B86344$CSeMilBibl$Z2$F90517 $81 961 $aRecupero: Deposito 996 $6245$aCattolici e comunisti oggi in Italia :$bVia italiana al socialismo e dialogo con i cattolici$9(OLS)http://semarc/title/194518 996 $6260$aRoma :$bLa Civiltà Cattolica$9(OLS)http://semarc/publisher/29890